| 000 | 00410nam a22001577a 4500 | ||
|---|---|---|---|
| 999 |
_c532827 _d532827 |
||
| 003 | NUST | ||
| 005 | 20191203133130.0 | ||
| 008 | 191203b ||||| |||| 00| 0 eng d | ||
| 038 | _aMSOHAIL | ||
| 082 | _a796 | ||
| 100 |
_aSyed Khalid Mahmood _91581 |
||
| 245 | _aReflections: A collection of articles ................\ | ||
| 260 |
_aKarachi _bJumbo Publishing _cc2010 |
||
| 300 | _ap;142 | ||
| 942 |
_2ddc _cBK |
||